Statistiques concernant Frontières russes

Cliquez ici pour prendre le quiz!

Statistiques générales

  • Ce quiz a été pris 40 266 fois
    (38 753 depuis la dernière actualisation)
  • Le résultat moyen est 12 sur 14

Statistiques - réponses

longueurpays% Correct
3 645 kmChine
99%
1 576 kmUkraine
97%
3 441 kmMongolie
96%
959 kmBiélorussie
94%
6 846 kmKazakhstan
92%
290 kmEstonie
90%
292 kmLettonie
90%
227 kmLituanie
89%
1 313 kmFinlande
87%
432 kmPologne
78%
18 kmCorée du Nord
77%
723 kmGéorgie
77%
284 kmAzerbaïdjan
71%
196 kmNorvège
56%

Distribution des résultats

Percentile par nombre de réponses

% des personnes avec chaque résultat

Votre développement - résultats

Vous n’avez pas pris ce quiz depuis la dernière actualisation